| 000 | 02437nam a2200445 i 4500 | ||
|---|---|---|---|
| 001 | ebr10768994 | ||
| 003 | CaPaEBR | ||
| 006 | m o d | ||
| 007 | cr cn||||||||| | ||
| 008 | 020614t20012001paua ob 101 0 eng|d | ||
| 020 | _z0873394917 | ||
| 020 | _z9780873394918 | ||
| 020 | _a9781118788042 (e-book) | ||
| 040 |
_aCaPaEBR _beng _erda _epn _cCaPaEBR |
||
| 035 | _a(OCoLC)861536842 | ||
| 050 | 1 | 4 |
_aTA484 _b.L544 2001eb |
| 082 | 0 | 4 | _a620.1/6/024629134 |
| 245 | 0 | 0 |
_aLightweight alloys for aerospace application : _bproceedings of symposium sponsored by the Non-Ferrous Metals Committee of the Structural Materials Division (SMD) of TMS (The Minerals, Metals & Materials Society), held at the TMS Annual Meeting in New Orleans, LA, USA, February 12-14, 2001 / _cedited by Kumar Jata [and three others]. |
| 264 | 1 |
_aWarrendale, Pennsylvania : _bTMS, _c[2001] |
|
| 264 | 4 | _c�2001 | |
| 300 |
_a1 online resource (324 pages) : _billustrations |
||
| 336 |
_atext _2rdacontent |
||
| 337 |
_acomputer _2rdamedia |
||
| 338 |
_aonline resource _2rdacarrier |
||
| 504 | _aIncludes bibliographical references and indexes. | ||
| 588 | _aDescription based on print version record. | ||
| 590 | _aElectronic reproduction. Palo Alto, Calif. : ebrary, 2013. Available via World Wide Web. Access may be limited to ebrary affiliated libraries. | ||
| 650 | 0 |
_aLight metal alloys _vCongresses. |
|
| 650 | 0 |
_aAluminum alloys _vCongresses. |
|
| 650 | 0 |
_aAeronautics _xMaterials _vCongresses. |
|
| 650 | 0 |
_aTitanium alloys _vCongresses. |
|
| 650 | 0 |
_aMetallic composites _vCongresses. |
|
| 655 | 0 | _aElectronic books. | |
| 700 | 1 | _aJata, K. V. | |
| 710 | 2 |
_aMinerals, Metals and Materials Society. _bNon-ferrous Metals Committee. |
|
| 710 | 2 |
_aMinerals, Metals and Materials Society. _bAnnual Meeting _d(2001 : _cNew Orleans, La.) |
|
| 776 | 0 | 8 |
_iPrint version: _tLightweight alloys for aerospace application : proceedings of symposium sponsored by the Non-Ferrous Metals Committee of the Structural Materials Division (SMD) of TMS (The Minerals, Metals & Materials Society), held at the TMS Annual Meeting in New Orleans, LA, USA, February 12-14, 2001. _dWarrendale, Pennsylvania : TMS, [2001] _hix, 312 pages ; 28 cm. _z9780873394918 _w(OCoLC)ocm51783669 _w(DLC) 2002108586 |
| 797 | 2 | _aebrary. | |
| 856 | 4 | 0 |
_uhttp://site.ebrary.com/lib/rucke/Doc?id=10768994 _zAn electronic book accessible through the World Wide Web; click to view |
| 999 |
_c126964 _d126964 |
||